000
00402nam a2200133Ia 4500
008
191206s9999 xx 000 0 und d
020
_a
810932334
090
_a
CC100.S3613
245
0
_a
discovery of the past
260
_a
Harry N. Abrams
260
_c
c1997
300
_a
384 p. : ill. (some col.) ; 26 cm.
999
_c
15834
_d
15834